00549 2200217 4500001002100000005001500021035002000036007000300056008004100059020002200100082001100122084001700133100001800150245004500168250001000213260004500223300002100268650001800289990001200307990001200319INLIS00000000000194720180516024619 a0010-0518000017ta180516 g 0 ind  a978-602-03-0045-0 a808.83 a808.83 AHM m0 aAHMAD, Tohari1 aMata yang Enak Dipandang /cAhmad Tohari acet.2 aJakarta :bGramedia Pustaka Utama,c2013 a215 hlm ;c20 cm aCERITA PENDEK a16649 a a16649 b